| 000 | 00473cam a2200181ua 4500 | ||
|---|---|---|---|
| 020 | _c7.50 | ||
| 041 |
_amal _h |
||
| 082 |
_a894.81209 _bPAR/KE |
||
| 100 | _aParameswara Aiyer, Ulloor . | ||
| 245 |
_aKerala Sahitya Charitram Vol.IV / _cUlloor Parameswara Ayiyer. _hTextual Documents |
||
| 250 |
_a1 / _b. |
||
| 260 |
_aTrivandrum : _bUniversity of Kerala , _c1964. |
||
| 300 | _a838 ; . | ||
| 365 | _a7.50 | ||
| 504 | _a | ||
| 942 | _cBK | ||
| 999 |
_c3799 _d3799 |
||